| 000 | 00375nam a2200145Ia 4500 | ||
|---|---|---|---|
| 008 | 191201s2004 xx 000 0 und d | ||
| 082 |
_a687.02 _bHAP |
||
| 100 | _aHAGGAR, A | ||
| 245 | 0 | _aPattern Cutting for Lingerie Beachwear and Leisurewear | |
| 250 | _a1st | ||
| 260 |
_aN.Delhi _bOm Book International _c2004 |
||
| 300 | _a250 | ||
| 650 | _aB.Tech(TE) | ||
| 942 |
_2ddc _cBK |
||
| 999 |
_c2327 _d2327 |
||